| 000 | 00532nam a2200157Ia 4500 | ||
|---|---|---|---|
| 008 | 170221s9999 xx 000 0 und d | ||
| 100 | _aYunjian Jia | ||
| 245 | 2 | _aA New Method for Traffic Prediction in Emerging Mobile Networks | |
| 245 | _cYunjian Jia, Beili Wan, Liang Liang, Qian Zhao, Yu Zhang, and Liang Tan | ||
| 260 | _bJournal of Communications | ||
| 260 | _c2015 | ||
| 300 | _a10 : 12 | ||
| 650 | _xCommunication | ||
| 650 | _xMedia Arts | ||
| 856 | _uhttp://www.jocm.us/index.php?m=content&c=index&a=lists&catid=154 | ||
| 999 |
_c306940 _d306940 |
||